Campesinas frente a la pobreza /

Bewaard in:
Bibliografische gegevens
Hoofdauteur: Bareiro, Line
Coauteurs: Centro de Documentación y Estudios, CDE
Andere auteurs: Vega, Celsa, Benítez, Ramona, colab, Dávalos, Myriam, Peralta, Ramona, Vera, Rafael
Formaat: Texto
Gepubliceerd in: Asunción: CDE
Tags: Voeg label toe
Geen labels, Wees de eerste die dit record labelt!

MARC

LEADER 00000 a a2200000 04500
001 23304
003
040
090 |a 160900  
100 |a Bareiro, Line  
110 |a Centro de Documentación y Estudios  
245 |a Campesinas frente a la pobreza /  |c Centro de Documentación y Estudios  
260 |a Asunción:   |b CDE  
300 |a 229 p  
300 |b **no definido**   |b fonodiscos  
700 |a Vega, Celsa  
700 |a Benítez, Ramona  
700 |a colab  
700 |a Dávalos, Myriam  
700 |a colab  
700 |a Peralta, Ramona  
700 |a colab  
700 |a Vera, Rafael  
700 |a colab  
710 |a CDE  
999 |c 2338  |d 2338